LIBRARY & INFORMATION CENTRE, KCAET, TAVANUR

ONLINE PUBLIC ACCESS CATALOGUE (OPAC)

Schaum`s outline of theory and problems of strength of materials / (Record no. 9237)

MARC details
000 -LEADER
fixed length control field 00500cam a2200181ua 4500
003 - CONTROL NUMBER IDENTIFIER
control field OSt
008 - FIXED-LENGTH DATA ELEMENTS--GENERAL INFORMATION
fixed length control field 250610b |||||||| |||| 00| 0 eng d
020 ## - INTERNATIONAL STANDARD BOOK NUMBER
ISBN 0 07 099024 7
041 ## - LANGUAGE CODE
Language code of text/sound track or separate title eng
082 ## - DEWEY DECIMAL CLASSIFICATION NUMBER
Classification number 624.17
Item number NAS/SC
100 ## - MAIN ENTRY--AUTHOR NAME
Personal name Nash, William A .
245 ## - TITLE STATEMENT
Title Schaum`s outline of theory and problems of strength of materials /
250 ## - EDITION STATEMENT
Edition statement 2 /
260 ## - PUBLICATION, DISTRIBUTION, ETC. (IMPRINT)
Place of publication New York :
Name of publisher McGraw Hill Book Company ,
Year of publication 1977.
300 ## - PHYSICAL DESCRIPTION
Number of Pages 394 ; .
700 1# - ADDED ENTRY--PERSONAL NAME
Personal name Sturgess, C E N .
942 ## - ADDED ENTRY ELEMENTS (KOHA)
Koha item type Books
Holdings
Withdrawn status Lost status Damaged status Home library Current library Date acquired Full call number Accession Number Koha item type
      KAUAET KAUAET 07/04/2012 624.17 NAS/SC 18007 Books
free website counter